Normal view
MARC view
- Winch, Robert G
Entry Personal Name
001 - CONTROL NUMBER
- control field: 65690
003 - CONTROL NUMBER IDENTIFIER
- control field: NUST
005 - DATE AND TIME OF LATEST TRANSACTION
- control field: 20210628203457.0
008 - FIXED-LENGTH DATA ELEMENTS
- fixed length control field: 210628|| aca||aabn | a|a d
040 ## - CATALOGING SOURCE
- Original cataloging agency: NUST
- Transcribing agency: NUST
100 ## - HEADING--PERSONAL NAME
- Personal name: Winch, Robert G
670 ## - SOURCE DATA FOUND
- Source citation: Work cat.: (NUST): Winch, Robert G, Telecommunication transmission system , microwave fiber optic mobile cellular radio data and digital multiplaxing, 1993
